000 004430000a22001450004500
005 20120302062754.0
942 _cBOOK
100 _a DWIVEDI ,KAPIL DEV
245 _a VEDO MAIN VIDNYAN
260 _aDNYANPUR (BHADOHI) : VISHWABHARATI ANUSANDHAN PARISHAD
300 _a303 P.
040 _aHIN
365 _bRS.250/-
650 _aVED / VIDNYAN / BHAUTIKI / RASAYAN SHASTRA / BOTANY / VANASPATI SHASTRA / JANTU VIDNYAN /ZOOLOGY / TECHNOLOGY
999 _c357626
_d357623